000
00341nam a2200157Ia 4500
100
_a
Gallagher/Simon/ Herbert/ Simon
250
_a
2
942
_c
BK
654
_a
Computer
245
_a
Power Builders 5 Unleashed
260
_b
Techmedia
_a
New Delhi
_c
1997
082
_a
5.2
_b
SIM
300
_a
1153
546
_a
ENGLISH
999
_c
21311
_d
21311